The art of war / (Record no. 185740)
[ view plain ]
| 000 -LEADER | |
|---|---|
| fixed length control field | 00857 a2200181 4500 |
| 003 - CONTROL NUMBER IDENTIFIER | |
| control field | NUST |
| 005 - DATE AND TIME OF LATEST TRANSACTION | |
| control field | 20221227131948.0 |
| 040 ## - CATALOGING SOURCE | |
| Transcribing agency | Nust |
| 082 ## - DEWEY DECIMAL CLASSIFICATION NUMBER | |
| Classification number | 355.02,TZU |
| 100 ## - MAIN ENTRY--PERSONAL NAME | |
| Personal name | Tzu, Sun |
| 9 (RLIN) | 90541 |
| 245 ## - TITLE STATEMENT | |
| Title | The art of war / |
| Statement of responsibility, etc. | Sun Tzu |
| 260 ## - PUBLICATION, DISTRIBUTION, ETC. | |
| Place of publication, distribution, etc. | The Military Service Publishing |
| Name of publisher, distributor, etc. | Harrisburg |
| Date of publication, distribution, etc. | 1949 |
| 300 ## - PHYSICAL DESCRIPTION | |
| Extent | 99 p.: |
| Other physical details | illus |
| Dimensions | 18 cm |
| 505 ## - FORMATTED CONTENTS NOTE | |
| Formatted contents note | Introduction 9(Page-9) Laying Plans (Page-40), Waging War (Page-44), Attack by Stratagem (Page-48), Tactical Dispositions (Page-52), Use of Energy (Page-55), Weak Points and Strong (Page-58), Maneuvering an Army (Page-64), Variation of Tactics (Page-69), The Army on the March (Page-71), Classification of Terrain (Page-77), The Nine Situations (Page-82), Attack by Fire (Page-93), Use of Spies (Page-96). |
| 600 ## - SUBJECT ADDED ENTRY--PERSONAL NAME | |
| Personal name | Sun Tzu |
| 9 (RLIN) | 7096 |
| 650 ## - SUBJECT ADDED ENTRY--TOPICAL TERM | |
| Topical term or geographic name entry element | The art of war |
| 9 (RLIN) | 106051 |
| 942 ## - ADDED ENTRY ELEMENTS (KOHA) | |
| Source of classification or shelving scheme | |
| Koha item type | Book |
| Call number prefix | 355.02,TZU |
| Withdrawn status | Lost status | Source of classification or shelving scheme | Damaged status | Not for loan | Permanent Location | Current Location | Shelving location | Date acquired | Total Checkouts | Full call number | Barcode | Date last seen | Date last checked out | Price effective from | Koha item type | Public note |
|---|---|---|---|---|---|---|---|---|---|---|---|---|---|---|---|---|
| Military College of Signals (MCS) | Military College of Signals (MCS) | General Stacks | 12/12/2016 | 1 | 355.02,TZU | MCS29527 | 11/20/2024 | 10/24/2024 | 12/12/2016 | Book | Almirah No.52, Shelf No.4 | |||||
| Military College of Signals (MCS) | Military College of Signals (MCS) | General Stacks | 12/27/2022 | 355.02,TZU | MCS38548 | 12/27/2022 | 12/27/2022 | Book | Almirah No.52, Shelf No.4 |
